000 00620nam a22001817a 4500
003 AM-YeHGA
005 20250617154141.0
008 180601s ||||| |||| 00| 0 rus d
040 _aAM-YeHGA
041 0 _arus
100 1 _aСтолетов, А.В.
245 1 0 _aПамятники архитектуры Владимирской области /
_cА. Столетов.
260 _aВладимир:
_bВладимир. кн. изд-во,
_c1958.
300 _a240 с .,
_bил
653 0 _aВладимирская обл. - Памятники Архитектуры
942 _2udc
_cBK
090 _c408088
999 _c405837
_d405837